000 00519nam a2200193 a 4500
001 9321
003 CO-ViMGA
008 141112s2004 ck r 000 u spa d
040 _aCO-ViMGA
_bspa
_cCO-ViMGA
082 0 4 _a340.54 M732
100 1 _aMommsen ; Teodoro,
_910078
245 1 0 _aDerecho Penal romano
260 _aSantafé de Bogotá :
_bTemis,
_c1999
300 _a670p.
650 1 4 _aDERECHOS DE GUERRA
_910079
650 1 4 _aEVOLUCION DERECHO
_910080
650 1 4 _aIGUALDADA JURIDICA
_910081
942 _2ddc
_cBK
999 _c20853
_d20853